1030 1764 1854 1232 1492 1076 1901 1144 1011 1605 1490 1388 1559 1487 1751 1028 1342 1692 1789 1523 1011 1559 1555 1705 1336 1465 1428 1183 1987 1957 1950 1518 1777 1487 1133 1846 1608 1057 1108 1729 1072 1271 1047 1487 1126 1771 1429 1367 1499 1771 1863 1778 1020 1634 1597 1575 1557 1170 1301 1639 1100 1503 1699 1734 1724 1831 1120 1058 1444 1271 1055 1711 1692 1217 1538 1421 1265 1166 1795 1162 1405 1105 1602 1668 1856 1087 1784 1524 1680 1469 1597 1855 1814 1828 1923 1127 1983 1854 1397 BCNSPRNW ULIB Ver.6.0+V

เปลี่ยนเป็นภาษาไทย

Change to English
 แสดงรายละเอียดบรรณานุกรม
  กลับหน้าหลัก

Brief Record : Get Marc (ISO 2709) : E-mail record : QR code < ปิดหน้าต่าง
LEADER : 00000nam 2200000uu 4500
001    13399123234
003     ULIB
008    020711s2554 th a 000 0 tha d
050 14 LB1027^bส111ค
110    กระทรวงการท่องเที่ยวและกีฬา.^bกรมพลศึกษา.^bสถาบันพัฒนาบุคลากรการพลศึกษาและการกีฬา.
245    คู่มือผู้ฝึกสอนกีฬาเทเบิลเทนนิส/^cสถาบันพัฒนาบุคลากรการพลศึกษาและการกีฬา
260    กรุงเทพฯ :^bโรงพิมพ์สหกรณ์การเกษตรแห่งประเทศไทย,^c2554
300    189 หน้า;^b26 ซม.
650    เทเบิลเทนนิส
945    ^p0^l0^i20365
999    ^aทศพร เกษรทอง
รายการนี้ยังไม่มีแท็ก
คุณยังไม่ได้ล็อกอิน คุณสามารถมีกิจกรรมร่วมกับเว็บไซต์ได้ แต่ต้องล็อกอินก่อน ::
  ล็อกอิน

รายการสื่อสารสนเทศ

ลำดับที่ ประเภท เลขเรียก/บาร์โค้ด สถานที่ สถานะ
1. การศึกษาทั่วไป
การศึกษาทั่วไป
LB1027 ส111ค ฉ.1 
  Barcode: 20365
ห้องสมุดวิทยาเขตนครสวรรค์
►หนังสือทั่วไป:l:General Books
บนชั้น
Note:อภินันทนาการ

BibComment


ยังไม่เคยถูกคอมเมนท์

คอมเมนท์ทรัพยากรรายการนี้
  คอมเมนท์: คู่มือผู้ฝึกสอนกี..


 Copyright 2026. Bcnsprnw @Library